000 00678nam a2200241Ia 4500
005 20260430150245.0
008 008 250103s9999 xx 000 0 eng d
037 _aTheses
040 _aCRL
040 _beng
040 _ceng
041 _2eng
041 _aeng
084 _qCRL
100 _aAggarwal Priyanka Au.; Singh R.K. Gu.
_91236953
245 0 _aStudy of th contribution of corporate social responsibility (CSR) to employees organizational behavior
260 _c2022
300 _a248p.
650 _aCommerce
700 _aUniversity of Delhi. Faculty of Commerce and Business. Department of Commerce
942 _cTH
999 _c1849344
_d1849344